000 00286nam a22001337a 4500
008 171012b xxu||||| |||| 00| 0 eng d
020 _a9780452010697
041 _aeng
080 _a316
100 _a50
101 _aSOC
245 _aMYTH SEXUALITY
_cHIGHWATER.J
942 _2udc
_cBK
999 _c33381
_d33381